000 00568nam a22002417a 4500
003 UA-OsUOA
001 30712
007 ta
008 20041112b un ||||| |||| 00| 0 ukr d
100 _aКрутикова Л. В.
090 _a82.09(40+571)
_bК84
942 _cBK
040 _aUA-OsUOA
_brus
_cUA-OsUOA
_dUA-OsUOA
245 _aА. И. Куприн
300 _a116 с.
955 _a0
041 _arus
080 _a82.09(40+571)
260 _aЛенинград
_bПросвещение
_c1971
044 _aRU
650 7 _2UDC
999 _c317126
_d317126